Fisica II. (Registro nro. 376)
[ vista simple ]
| 000 -LEADER | |
|---|---|
| fixed length control field | 00907 am a2200289 a 4500 |
| 005 - FECHA ULTIMA MODIFICACION | |
| control field | 20240625110833.0 |
| 008 - CAMPO DE CONTROL (LIBRO) | |
| fixed length control field | 100616s1972||||ag a f |||| 001 0 spa d |
| 020 ## - INTERNATIONAL STANDARD BOOK NUMBER | |
| ISBN | 9501320266X |
| 041 ## - CODIGO DE IDIOMA | |
| Código de idioma del texto/pista de sonido o título separado | spa |
| 092 ## - SIGNATURA TOPOGRAFICA DEWEY LOCAL | |
| número de clasificación | 530 |
| libristica | 51 |
| sección | MAI |
| 100 1# - ENTRADA PRINCIPAL--NOMBRE PERSONAL | |
| Nombre personal | Maiztegui, Alberto P. |
| 9 (RLIN) | 1210 |
| 245 ## - TITULO PROPIAMENTE DICHO | |
| Título | Fisica II. |
| Subtítulo y Título paralelo | Introducción a la física / |
| Mención de responsabilidad y remanente de la transcripción de la portada | Alberto P. Maiztegui |
| 250 ## - MENCION DE EDICION | |
| Mención de edición | 1a ed. actualizada |
| 260 ## - PIE DE IMPRENTA | |
| Lugar de publicación, distribución, etc | Buenos Aires: |
| Nombre de la editorial, distribuidor, etc | Kapelusz; |
| Fecha de publicación | 1972. |
| 300 ## - DESCRIPCION FISICA | |
| Extension | 539 p. |
| 500 ## - NOTA GENERAL | |
| Nota general | Maiztegui, A. P. y Sábato, J. A. (1972). Fisica II. Introducción a la física. (1a ed.). Buenos Aires : Kapelusz. |
| 653 ## - TÉRMINO INDIZADO - PALABRAS CLAVES | |
| Palabra clave | Luz |
| 653 ## - TÉRMINO INDIZADO - PALABRAS CLAVES | |
| Palabra clave | Geometría de la luz |
| 653 ## - TÉRMINO INDIZADO - PALABRAS CLAVES | |
| Palabra clave | Mundo de las ondas |
| 653 ## - TÉRMINO INDIZADO - PALABRAS CLAVES | |
| Palabra clave | Magnetísmo, electricidad y materia |
| 653 ## - TÉRMINO INDIZADO - PALABRAS CLAVES | |
| Palabra clave | Energía y corriente eléctricas |
| 653 ## - TÉRMINO INDIZADO - PALABRAS CLAVES | |
| Palabra clave | Campos |
| 653 ## - TÉRMINO INDIZADO - PALABRAS CLAVES | |
| Palabra clave | Mundo del átomo |
| 700 1# - ENTRADAS SECUNDARIAS - NOMBRE PERSONAL | |
| Nombre personal | Sábato, Jorge A. |
| 9 (RLIN) | 1211 |
| 930 ## - NUMERO DE INVENTARIO | |
| Número de inventario | 1683 |
| 942 ## - ADDED ENTRY ELEMENTS (KOHA) | |
| Source of classification or shelving scheme | Dewey Decimal Classification |
| Item type | Libros |
| Estado de retiro | Existencia | Estado general | No para prestamo | Ubicación permanente | ubicación actual | Sala de ubicación | Fecha de adquisición | Total Checkouts | Número de clasificación | Código de barras | Date last seen | Date last borrowed | Número de ejemplar | Price effective from | Koha tipo de elemento (item) |
|---|---|---|---|---|---|---|---|---|---|---|---|---|---|---|---|
| Biblioteca Medicina | Biblioteca Medicina | Circulación | 13/05/2011 | 6 | 530 51 MAI | 1683 | 18/06/2019 | 14/06/2019 | ej.1 | 13/05/2011 | Libros |